| 000 | 01308aam a2200313 i 4500 | ||
|---|---|---|---|
| 999 |
_c44900 _d44900 |
||
| 001 | 18468 | ||
| 003 | CO-MdFUSBC | ||
| 005 | 20190607155756.0 | ||
| 008 | 190605t1995 -us |||| |||| 00| 0 eng d | ||
| 020 | _a189878731X | ||
| 040 |
_bspa. _aCO-MdFUSB _cCO-MdFUSB _dCO-MdFUSBC _erda |
||
| 041 | _aeng | ||
| 082 |
_223 _a231.3 _bSP772 |
||
| 100 | 1 |
_aSpurgeon, C. H. (Charles Haddon) _eautor |
|
| 245 | 1 | 0 |
_aWind & fire : _bten sermons on the Holy Spirit. _c/ Charles Haddon Spurgeon |
| 264 | 1 |
_aEstados Unidos de América : _bAmbassador, _c[1995] |
|
| 264 | 4 | _c© 1995 | |
| 300 |
_a127 páginas _c; 19 cm |
||
| 336 |
_atexto _btxt _2rdacontent |
||
| 337 |
_2rdamedia _asin mediación _bn |
||
| 338 |
_2rdacarrier _avolumen _bnc |
||
| 490 | _aAn Ambassador Classic | ||
| 505 | 0 | _aEl ayudador. -- El poder del Espíritu Santo. -- El Espíritu Santo. -- El gran profesor;. -- El derramamiento del Espíritu Santo. -- El Espíritu Santo comparado con el viento. -- La obra secante del Espíritu Santo. -- El viento celestial. -- El pentecostés viento y fuego. -- En nosotros mora y sale Espíritu Santo. --La permanencia del Espíritu. -- La gloria de la iglesia. | |
| 563 | _aRústico | ||
| 650 | 1 | 0 |
_aEspíritu Santo _950 |
| 650 | 1 | 7 |
_aTeología doctrinal _9179 |
| 942 | _cBK | ||
| 945 |
_aJTF-925 _bAEM-53 |
||